Mechanizácia stavebných prác pri bytovej výstavbe

Bibliographic Details
Main Author: Paščenko, N. (Author)
Other Authors: Hančinová, O. (Translator)
Format: Book
Language:Slovak
Russian
PhysicalDescription:25, [1] s. 4°
Published: Bratislava Československo-sovietsky inštitút 1954
Subjects:

MARC

LEADER 00000nam a2200000 a 4500
001 vtls010619970
003 SK-MaSNL
005 20260301140821.0
008 250312s1954 xo f 000 0 slo
035 |a AF4E3E40-81A0-4A47-8482-F2CE3490EF51 
035 |a urn:nbn:sk:snk-amjzb5 
035 |a urn:nbn:sk:snk-am00853d 
040 |a SNK  |b slo  |c SNK  |e AACR2 
041 1 |a slo  |h rus 
044 |a xo  |c SK 
080 |a 331.875:728.1/.3  |2 1981 
100 1 |a Paščenko, N.  |4 aut  |9 493944 
245 1 0 |a Mechanizácia stavebných prác pri bytovej výstavbe  |c N. Paščenko ; prel. [z ruš.] O. Hančinová 
260 |a Bratislava  |b Československo-sovietsky inštitút  |c 1954 
300 |a 25, [1] s.  |c 4° 
500 |a Pomocný študijný materiál - sekcia technických vied - oddelenie stavebníctvaRoč. 2. Č. 4 
650 0 7 |a bytová výstavba  |2 SNKPH  |9 3036 
650 0 7 |a mechanizácia  |2 SNKPH  |9 157904 
655 7 |a brožúry  |2 SNKPH  |9 70146 
700 1 |a Hančinová, O.  |4 trl  |9 493945 
700 1 |a Lauko, O.  |4 red  |9 487154 
700 1 |a Ľachký, K.  |4 oth  |9 493946 
852 |a Slovenská národná knižnica 
958 |a OND 
999 |c 765112  |d 767042 
952 |a SNK  |b SNK  |y PREZ  |7 0  |p 17A0986826  |o snkSB 29332  |i snkD 608/80  |8 1  |0 0  |1 0  |4 0  |d 2014-09-16  |f 1  |l 0  |r 2025-04-04 00:00:00  |w 2026-02-24